Využitie plochy odkaliska troskopopolovej zmesi na pestovanie vŕby

Odkaliská ako zdroj environmentálneho nebezpečenstva. Potreba ich bezpečného uzavretia a prípadná rekultivácia. Výskum a vývoj novej netradičnej technológie sanácie odkaliska.

Enregistré dans:
Détails bibliographiques
Auteur principal: Bosák, Martin, 1967-
Autres auteurs: Andrejovský, Pavol, 1975-, Tarča, Alexander
Format: Chapitre de livre
Langue:slovaque
Sujets:
Tags: Ajouter un tag
Pas de tags, Soyez le premier à ajouter un tag!

MARC

LEADER 00000nla a2200000 4500
001 0180939
005 20240502073109.1
041 0 |a slo 
044 |a SK 
245 1 0 |a Využitie plochy odkaliska troskopopolovej zmesi na pestovanie vŕby  |c Martin Bosák, Pavol Andrejovský, Alexander Tarča 
520 |a Odkaliská ako zdroj environmentálneho nebezpečenstva. Potreba ich bezpečného uzavretia a prípadná rekultivácia. Výskum a vývoj novej netradičnej technológie sanácie odkaliska. 
610 2 0 |a elektrárne 
610 2 0 |a prostredie životné 
610 2 0 |a znečistenie prostredia životného 
610 2 0 |a zdroje energie alternatívne 
610 2 0 |a ochrana prostredia životného 
100 1 |a Bosák, Martin, 1967- 
700 1 |a Andrejovský, Pavol, 1975- 
700 1 |a Tarča, Alexander